Der Ursprung der Soziologie aus dem Geist der Restauration: Studien über L. G. A. de Bonald
| Main Author: | |
|---|---|
| Format: | Print Book |
| Language: | German |
| Subito Delivery Service: | Order now. |
| Check availability: | HBZ Gateway |
| WorldCat: | WorldCat |
| Interlibrary Loan: | Interlibrary Loan for the Fachinformationsdienste (Specialized Information Services in Germany) |
| Published: |
Stuttgart
Klett-Cotta
1998
|
| In: | Year: 1998 |
| Reviews: | [Rezension von: Spaemann, Robert, 1927-2018, Der Ursprung der Soziologie aus dem Geist der Restauration] (2000) (Zaborowski, Holger, 1974 -)
|
| Standardized Subjects / Keyword chains: | B
Bonald, Louis Gabriel Ambroise de 1754-1840
|
| Further subjects: | B
Restorations, Political
B Bonald, Louis-Gabriel-Ambroise Vicomte de B Traditionalism B France B Thesis B Philosophy |
| Online Access: |
Cover Table of Contents |
MARC
| LEADER | 00000cam a2200000 c 4500 | ||
|---|---|---|---|
| 001 | 293161542 | ||
| 003 | DE-627 | ||
| 005 | 20250731094634.0 | ||
| 007 | tu | ||
| 008 | 980126s1998 xx ||||| m 00| ||ger c | ||
| 015 | |a 98,N03,0169 |2 dnb | ||
| 016 | 7 | |a 952457881 |2 DE-101 | |
| 020 | |a 360891921X |9 3-608-91921-X | ||
| 035 | |a (DE-627)293161542 | ||
| 035 | |a (DE-576)063729652 | ||
| 035 | |a (DE-599)GBV293161542 | ||
| 035 | |a (OCoLC)247548241 | ||
| 035 | |a (OCoLC)40300964 | ||
| 035 | |a (DE-H357)his3026 | ||
| 040 | |a DE-627 |b ger |c DE-627 |e rakwb | ||
| 041 | |a ger | ||
| 084 | |a 1 |2 ssgn | ||
| 084 | |a CF 2317 |2 rvk |0 (DE-625)rvk/18062:11616 | ||
| 084 | |a MC 5000 |2 rvk |0 (DE-625)rvk/122371: | ||
| 084 | |a MQ 2400 |2 rvk |0 (DE-625)rvk/123417: | ||
| 084 | |a MR 2400 |2 rvk |0 (DE-625)rvk/123491: | ||
| 100 | 1 | |0 (DE-588)118823124 |0 (DE-627)079597351 |0 (DE-576)163132925 |4 aut |a Spaemann, Robert |d 1927-2018 | |
| 109 | |a Spaemann, Robert 1927-2018 |a Spaemann, R. 1927-2018 |a Luobote-Shipeiman 1927-2018 |a Shipeiman, Luobote 1927-2018 |a Luo bo te Shi pei man 1927-2018 |a Lo be leu teu Syu pae man 1927-2018 |a Lobeleuteu-Syupaeman 1927-2018 |a Syupaeman, Lobeleuteu 1927-2018 |a Shupēman, R. 1927-2018 |a Syup'aeman, Roberŭt'ŭ 1927-2018 |a Shupēman, Rōberuto 1927-2018 | ||
| 245 | 1 | 4 | |a Der Ursprung der Soziologie aus dem Geist der Restauration |b Studien über L. G. A. de Bonald |c Robert Spaemann |
| 263 | |a Gewebe : DM 68.00 | ||
| 264 | 1 | |a Stuttgart |b Klett-Cotta |c 1998 | |
| 300 | |a 219 S. | ||
| 336 | |a Text |b txt |2 rdacontent | ||
| 337 | |a ohne Hilfsmittel zu benutzen |b n |2 rdamedia | ||
| 338 | |a Band |b nc |2 rdacarrier | ||
| 502 | |a Zugl.: Münster, Univ., Diss., 1951 | ||
| 583 | 1 | |a Archivierung/Langzeitarchivierung gewährleistet |f PEBW |x XA-DE-BW |2 pdager |5 DE-24 | |
| 601 | |a Ursprung | ||
| 601 | |a Soziologie | ||
| 601 | |a Restauration | ||
| 650 | 4 | |a Philosophie | |
| 650 | 4 | |a Frankreich | |
| 650 | 4 | |a Traditionalismus | |
| 650 | 4 | |a Restauration | |
| 650 | 4 | |a Bonald, Louis-Gabriel-Ambroise Vicomte de | |
| 655 | 7 | |a Hochschulschrift |0 (DE-588)4113937-9 |0 (DE-627)105825778 |0 (DE-576)209480580 |2 gnd-content | |
| 689 | 0 | 0 | |d p |0 (DE-588)118661299 |0 (DE-627)079445748 |0 (DE-576)160361338 |2 gnd |a Bonald, Louis Gabriel Ambroise de |d 1754-1840 |
| 689 | 0 | |5 (DE-627) | |
| 751 | |a Münster |4 uvp | ||
| 787 | 0 | 8 | |i Rezensiert in |a Zaborowski, Holger, 1974 - |t [Rezension von: Spaemann, Robert, 1927-2018, Der Ursprung der Soziologie aus dem Geist der Restauration] |d 2000 |w (DE-627)1817930397 |
| 856 | 4 | 2 | |u https://swbplus.bsz-bw.de/bsz063729652cov.jpg |m V:DE-576 |m X:klettcotta |q image/jpeg |v 20140814094249 |3 Cover |7 1 |
| 856 | 4 | 2 | |u https://digitale-objekte.hbz-nrw.de/storage/2005/12/24/file_433/772575.pdf |m V:DE-605 |m X:migimw |q application/pdf |v 2025-07-00 |3 Inhaltsverzeichnis |7 1 |
| 935 | |i Blocktest | ||
| 936 | r | v | |a CF 2317 |b Abhandlungen, Studien |k Philosophie |k Geschichte der Philosophie |k Geschichte der Philosophie des Abendlandes von Antike bis 20. Jahrhundert |k Philosophie des 17. und 18. Jahrhunderts |k Autoren |k Autoren B |k Bonald, Louis Vicomte de |k Abhandlungen, Studien |0 (DE-627)1271835800 |0 (DE-625)rvk/18062:11616 |0 (DE-576)201835800 |
| 936 | r | v | |a MC 5000 |b 18. Jahrhundert, Allgemeines |k Politologie |k Geschichte der politischen Philosophie und der Ideologien |k 18. Jahrhundert |k 18. Jahrhundert, Allgemeines |0 (DE-627)1271424711 |0 (DE-625)rvk/122371: |0 (DE-576)201424711 |
| 936 | r | v | |a MQ 2400 |b Beiträge zu Einzelproblemen |k Soziologie |k Einführung und Geschichte |k Geschichte der Soziologie |k Beiträge zu Einzelproblemen |0 (DE-627)1271427419 |0 (DE-625)rvk/123417: |0 (DE-576)201427419 |
| 936 | r | v | |a MR 2400 |b Beobachtung, Interview und Umfrage, Feldforschung (auch Meinungsforschung, Marktforschung) |k Soziologie |k Sozialwissenschaftliche Theorien und Methoden |k Methoden der Sozialforschung |k Beobachtung, Interview und Umfrage, Feldforschung (auch Meinungsforschung, Marktforschung) |0 (DE-627)1270710907 |0 (DE-625)rvk/123491: |0 (DE-576)200710907 |
| 951 | |a BO | ||
| ELC | |b 1 | ||
| ITA | |a 1 | ||
| LOK | |0 000 xxxxxcx a22 zn 4500 | ||
| LOK | |0 001 3228354016 | ||
| LOK | |0 003 DE-627 | ||
| LOK | |0 004 293161542 | ||
| LOK | |0 005 20100406231644 | ||
| LOK | |0 008 050819||||||||||||||||ger||||||| | ||
| LOK | |0 040 |a DE-21-46 |c DE-627 |d DE-21-46 | ||
| LOK | |0 541 |e 98/173 | ||
| LOK | |0 689 |a s |0 1311361367 |a volonté générale | ||
| LOK | |0 852 |a DE-21-46 | ||
| LOK | |0 852 1 |c D 11/1998,4 |m p |9 00 | ||
| LOK | |0 935 |a k046 | ||
| LOK | |0 938 |k p | ||
| LOK | |0 939 |a 19-08-05 |b l01 | ||
| LOK | |0 000 xxxxxcx a22 zn 4500 | ||
| LOK | |0 001 4240055172 | ||
| LOK | |0 003 DE-627 | ||
| LOK | |0 004 293161542 | ||
| LOK | |0 005 20221222213108 | ||
| LOK | |0 008 221222||||||||||||||||ger||||||| | ||
| LOK | |0 040 |a DE-Tue135-1 |c DE-627 |d DE-Tue135-1 | ||
| LOK | |0 852 |a DE-Tue135-1 | ||
| LOK | |0 852 1 |m p |9 00 | ||
| LOK | |0 852 2 |b Hauptbibliothek Magazin: 457569 |9 00 | ||
| LOK | |0 8564 |u https://bibsearch.uibk.ac.at/AC02244957 | ||
| LOK | |0 935 |a inmo | ||
| LOK | |0 938 |k p | ||
| LOK | |0 939 |a 22-12-22 |b l01 | ||
| ORI | |a SA-MARC-ixtheoa001.raw | ||
| STA | 0 | 0 | |a France,France,France,France,France,France,Northern France,Southern France,Occitania,Western France,Northeastern France,Eastern France,Philosophy,Philosophy in literature,Restorations, Political,Traditionalism |
| STB | 0 | 0 | |a Philosophie,Philosophie,Restauration,Traditionalisme |
| STC | 0 | 0 | |a Filosofía,Filosofía,Restauración,Tradicionalismo |
| STD | 0 | 0 | |a Filosofia,Filosofia,Restaurazione,Tradizionalismo |
| STE | 0 | 0 | |a 传统主义,哲学,复辟 |
| STF | 0 | 0 | |a 傳統主義,哲學,復辟 |
| STG | 0 | 0 | |a Filosofia,Filosofia,Restauração,Tradicionalismo |
| STH | 0 | 0 | |a Реставрация (политика),Традиционализм,Философия (мотив),Философия |
| STI | 0 | 0 | |a Παλινόρθωση,Παραδοσιοκρατία,Φιλοσοφία (μοτίβο),Φιλοσοφία |
| SYE | 0 | 0 | |a Philosophy,Philosophieren , France , France,La France,République Française,France,Francija,Französische Republik,Empire Français,République Française,France,Royaume Français,Fränkische Republik,Frankreich,Frankreich,Ṣārfat,Repubblica Francese , Restoration |
| SYG | 0 | 0 | |a Bonald, Louis G. de,1754-1840,Bonald, Louis de,1754-1840,Bonald, H. v.,1754-1840,Bonald, H. von,1754-1840,Bonald, ... de,1754-1840,Bonald, Louis-Gabriel-Ambroise de,1754-1840,Bonald, Luis de,1754-1840,Bonald, Luis Gabriel Ambroise de,1754-1840,Bonald, Louis-Gabriel-Ambroise,vicomte de, Publiciste, Homme politique, Philosophe, Ecrivain,1754-1840,Bonald, Louis-Gabriel-Ambroise,vicomte de, Publicist, Politician, Philosopher, Writer,1754-1840,Bonald, Louis,vicomte de, Publizist, Politiker, Philosoph, Schriftsteller,1754-1840,Bonald, Louis,vicomte de, Publiciste, Homme politique, Philosophe, Ecrivain,1754-1840,Bonald, Louis,vicomte de, Publicist, Politician, Philosopher, Writer,1754-1840,Bonald,vicomte de, Publizist, Politiker, Philosoph, Schriftsteller,1754-1840,Bonald, Louis Gabriel Ambroise,vicomte de,1754-1840,Bonald,vicomte de,1754-1840,Bonald, Louis-Gabriel-Ambroise,vicomte de, Publizist, Politiker, Philosoph, Schriftsteller,1754-1840,Bonald, Louis Gabriel de,1754-1840,Bonald,Vicomte de,1754-1840,Bonald,1754-1840,De Bonald, Louis,1754-1840 |